|
|
|
|
| LEADER |
00000nam0a2200000 4500 |
| 001 |
266427 |
| 005 |
20231101234011.0 |
| 035 |
|
|
|a (RuTPU)RU\TPU\book\289447
|
| 090 |
|
|
|a 266427
|
| 100 |
|
|
|a 20140709d1986 k y0rusy50 ca
|
| 101 |
0 |
|
|a rus
|
| 102 |
|
|
|a RU
|
| 105 |
|
|
|a a z 001zy
|
| 200 |
1 |
|
|a Геофизические поиски рифогенных залежей нефти
|f В. П. Боронин [и др.]
|
| 210 |
|
|
|a Казань
|c Изд-во Казанского ун-та
|d 1986
|
| 215 |
|
|
|a 183 с.
|c ил.
|
| 320 |
|
|
|a Библиогр.: с. 170-181.
|
| 606 |
1 |
|
|a Нефтяные месторождения
|x Геофизические методы разведки
|2 stltpush
|3 (RuTPU)RU\TPU\subj\45956
|9 65145
|
| 610 |
1 |
|
|a рифогенные залежи
|
| 610 |
1 |
|
|a нефть
|
| 610 |
1 |
|
|a залежи
|
| 610 |
1 |
|
|a геофизические поиски
|
| 610 |
1 |
|
|a прогнозирование
|
| 610 |
1 |
|
|a Русская платформа
|
| 610 |
1 |
|
|a зондирование
|
| 675 |
|
|
|a 553.982:550.83
|v 3
|
| 701 |
|
1 |
|a Боронин
|b В. П.
|
| 701 |
|
1 |
|a Гольштейн
|b Б. Л.
|
| 701 |
|
1 |
|a Степанов
|b В. П.
|
| 701 |
|
1 |
|a Семакин
|b Б. В.
|
| 801 |
|
1 |
|a RU
|b 63413507
|c 20140709
|
| 801 |
|
2 |
|a RU
|b 63413507
|c 20151013
|g RCR
|
| 942 |
|
|
|c BK
|